000 00281nam a22001217a 4500
008 181101b xxu||||| |||| 00| 0 eng d
041 _aeng
080 _a821
100 _a23
101 _aGJU
245 _aDos Donts Maybes Of English Usage
_cBernstein.TH.M
942 _2udc
_cBK
999 _c51550
_d51550